000 00680nam a22002057a 4500
999 _c10226
_d10226
003 AR-CdUCM
008 190329b ||||| |||| 00| 0 spa d
040 _aMUNICIPALIDAD PROVINCIAL DEL CUSCO
_cBIBLIOTECA MUNICIPAL DEL CUSCO
082 _26ed.
_aES / 800 /
_bP19
100 _aPalma, Lauro
_926951
245 _aGrandes músicos /
260 _aBuenos aires :
_bAtlantida, S.A.,
_c1960.
300 _a148 paginas ;
_c17 cm.
440 _aBiblioteca Billiken.
_nColección verde.
_926885
505 _aContenido :Bach -- Mozart -- Beethoven -- Rossini -- Chopin ...
650 _aMúsicos europeos
_926952
650 _aBiografías
_9148
942 _2ddc
_cLIBROS
945 _arum